| 000 | 00506cam a2200181ua 4500 | ||
|---|---|---|---|
| 001 | 3049 | ||
| 008 | 110922n ii |||gr||||Z||||||eng | ||
| 040 | _cMAIN | ||
| 082 | _a920 | ||
| 100 | 1 |
_aSaikia, Nurul Islam, _eAuthor. |
|
| 245 | 1 | 1 |
_aBishnu Prasad Rabha : _bthe revolutionary artist of assam / _cby Nurul Islam Saikia |
| 250 | _a1st. | ||
| 260 |
_aGuahati: _bR. G. Publication, _c2007. |
||
| 300 |
_a52p: _c23cm. |
||
| 653 | _aBiography | ||
| 653 | _aBiography of Bishnu Prasad Rabha | ||
| 942 | _cBK | ||
| 999 |
_c2896 _d2896 |
||